00673nam a2200181 4500003000900000020001800009040002800027082001900055100002700074245008000101260007500181300005000256500008200306650004400388650002300432650001300455650002300468CO-ViMGA a9789586982153 aCO-ViMGAbspacCO-ViMGA04a320.019 bB12a1 aBaena Paz, Guillermina10aAplicaciones de la prospectiva a la política /cpor Guillermina Baena Paz aBogotábConvenio Andrés Bello - Universidad Autónoma de México a43 páginasbilustraciones, cuadros ; 24 cm" aIncluye bibliografía en páginas 41-43 \ Recomendado para público adulto14aCiencias Politicas - Toma De Decisiones14aPartidos Politicos14aPolitica14aToma De Decisiones